| 000 | 00979nam a2200277 a 4500 | ||
|---|---|---|---|
| 001 | 000034903 | ||
| 003 | DO-SdBNP | ||
| 005 | 20250529110806.0 | ||
| 008 | 111021s1970 mx 000 0 spa d | ||
| 040 |
_aDO-SdBNP _bspa _cBNPHU |
||
| 082 |
_axxxx _bC372u |
||
| 100 | 1 |
_aCaudwell, Cristóbal, _d1907-1937 _960467 |
|
| 240 | 0 |
_aSome studies about a moribund culture _lespañol |
|
| 245 | 1 | 0 |
_aUna cultura moribunda : _bla cultura burguesa / _cCristobal Caudwell ; versión al español Vicente Romano ; prólogo G. Bernard Shaw. |
| 260 |
_aMéxico : _bGrijalbo, _c1970. |
||
| 300 |
_a153 p. ; _c18 cm. |
||
| 490 | 1 | _aColección 70. Segunda serie | |
| 500 | _aTraducido del inglés. | ||
| 650 | 0 |
_aHistoria social _978961 |
|
| 650 | 0 |
_aClases sociales _ySiglo XX _91062 |
|
| 650 | 0 |
_aClase media _ySiglo XX _92589 |
|
| 700 | 1 |
_aRomano, Vicente, _etr. _960470 |
|
| 700 | 1 |
_aBernard Shaw, G., _epról. _960471 |
|
| 830 | 0 |
_aColección 70. Segunda serie _960472 |
|
| 942 |
_2ddc _cLBS1 |
||
| 999 |
_c34394 _d34394 |
||